000 00650nam a22002297a 4500
008 131031b xxu||||| |||| 00| 0 ger d
020 _a3486219936
041 0 _ager
080 _a330.101.542
100 _aBöventer, Edwin von
245 _aEinführung in die Mikroökonomie /
_cEdwin von Böventer
250 _a7.Auflage
300 _a339 f. :
_bme il. ;
_c24 cm.
500 _aVorwort (zur 7., 6., 5., 4., 3., 2., 1. Auflage : f. [VII]-IX
650 _aMikroekonomia
700 1 _aBeutel, Jörg
700 1 _aIlling, Gerhard
700 1 _aJohn, Heimo Jürgen
700 1 _aKoll, Robert
700 1 _aMatzka, Rudolf
942 _2udc
_cBK
999 _c236
_d236